Statistiques concernant Noms des Clubs de Hockey-sur-Glace de la Ligue Magnus 2017-2018

Cliquez ici pour prendre le quiz!

Statistiques générales

  • Ce quiz a été pris 24 fois
  • Le résultat moyen est 6 sur 12

Statistiques - réponses

Réponse% Correct
Brûleurs de Loups
67%
Ducs
67%
Aigles
61%
Lions
56%
Rapaces
50%
Dragons
50%
Gothiques
44%
Boxers
44%
Etoile Noire
44%
Gamyo
39%
Scorpions
39%
Pionniers
33%

Distribution des résultats

Percentile par nombre de réponses

% des personnes avec chaque résultat

Votre développement - résultats

Vous n’avez pas pris ce quiz